| 000 | 00487nam a22001817a 4500 | ||
|---|---|---|---|
| 003 | OSt | ||
| 008 | 241102b |||||||| |||| 00| 0 eng d | ||
| 082 |
_a632.5806 _bD46A |
||
| 100 | _aDirectorate of Weed Science Research | ||
| 245 | _aAnnual Report, 2009 - 10 | ||
| 260 |
_a.- Jabalpur (M. P.) _b: Directorate of Weed Science Research _c, 2010 |
||
| 300 | _avii,99p. | ||
| 650 | _aAnnual Report | ||
| 650 | _aWeed Science | ||
| 650 | _aDWSR | ||
| 650 | _aJabalpur | ||
| 942 |
_2ddc _cRP |
||
| 999 |
_c46891 _d46891 |
||